| 000 | 00824nam a2200253 i 4500 | ||
|---|---|---|---|
| 001 | 184008 | ||
| 003 | ES-MaACL | ||
| 005 | 20231114124612.0 | ||
| 008 | 150216s2007 sp |||| | spa d | ||
| 020 | _a978-84-611-9316-5 | ||
| 080 | _a821.134.2-1 | ||
| 100 | 1 |
_aLopera, José María. _9147304 |
|
| 245 | 1 | 0 |
_aÁfrica _b: (poesía-poetry) / _cJosé María Lopera. |
| 246 | 3 | 1 |
_aÁfrica _b: poetry |
| 250 | _aEd. bilingüe. | ||
| 260 |
_a[Málaga] : _bI. Castillo Ediciones, _cD.L. 2007. |
||
| 300 |
_a61 p. ; _c22 cm. |
||
| 546 | _aTexto en español e inglés. | ||
| 852 |
_aES-MaACL _jA-13372 _9190974 _bR.150147 _cDEPO1 _dOlim: N-6372 _hDonación: José María Lopera |
||
| 903 |
_9147304 _aLopera, José María _ednr |
||
| 942 |
_2udc _cMONOGRAFIA |
||
| 999 |
_c184008 _d184008 |
||